000 00757nam a2200193 a 4500
001 000019155
005 20200929165933.0
008 900402s1988 cl 000 0 spa d
040 _aDO-SdBNP
_bspa
_cBNPHU
082 _axxxxx
100 1 _aPatiño Castaño, Diógenes.
_941227
245 1 0 _aAsentamientos prehispánicos en la costa pacífica caucana /
_cDiógenes Patiño Castaño.
260 _aBogotá :
_bFundación de Investigaciones Arqueológicas Nacionales, Banco de la República,
_c1988.
300 _a160 p. :
_bil., planos ;
_c23 cm.
440 0 _aArqueología colombiana
_941228
504 _aBibliografía : p. 158-160
710 2 _aFundación de Investigaciones Arqueológicas Nacionales ;
_941229
830 0 _aArqueología colombiana
_941228
999 _c18673
_d18673